Statistics for F1 Drivers with Wins in Most Seasons

Click here to take the quiz!

General Stats

  • This quiz has been taken 22 times
  • The average score is 23 of 32

Answer Stats

#CountryDriver% Correct
9BrazilAyrton Senna
100%
9SpainFernando Alonso
100%
9FinlandKimi Räikkőnen
100%
15UKLewis Hamilton
100%
15GermanyMichael Schumacher
100%
11FranceAlain Prost
95%
10GermanySebastian Vettel
95%
8NetherlandsMax Verstappen
90%
8AustriaNiki Lauda
90%
5AustraliaDaniel Ricciardo
85%
10BrazilNelson Piquet
85%
7ArgentinaJuan Manuel Fangio
80%
5UKJenson Button
75%
5FinlandMika Häkkinen
75%
5GermanyNico Rosberg
75%
5BrazilRubens Barrichello
75%
5UKDamon Hill
70%
5BrazilEmerson Fittipaldi
70%
6UKGraham Hill
70%
8UKJackie Stewart
65%
5South AfricaJody Scheckter
65%
8UKNigel Mansell
65%
5BelgiumJacky Ickx
60%
8UKDavid Coulthard
55%
6New ZealandDenny Hulme
55%
8AustriaGerhard Berger
55%
7UKJim Clark
55%
6ArgentinaCarlos Reutemann
50%
5AustraliaJack Brabham
50%
5SwitzerlandClay Regazzoni
45%
7UKStirling Moss
45%
5ItalyRiccardo Patrese
40%

Score Distribution

Percentile by Number Answered

Percent of People with Each Score

Your Score History

You have not taken this quiz